|
|
|
|
| LEADER |
00000nam0a2200000 4500 |
| 001 |
278184 |
| 005 |
20231101235104.0 |
| 020 |
|
|
|a RU
|b 86-22634
|
| 035 |
|
|
|a (RuTPU)RU\TPU\book\301461
|
| 090 |
|
|
|a 278184
|
| 100 |
|
|
|a 20141209d1986 m y0rusy5003 ca
|
| 101 |
0 |
|
|a rus
|
| 102 |
|
|
|a RU
|
| 105 |
|
|
|a y j 000zy
|
| 200 |
1 |
|
|a Сборник задач по контролю и ревизии хозяйственной деятельности строительных организаций
|e учебное пособие
|f А. Ф. Губин
|
| 205 |
|
|
|a 3-е изд., перераб. и доп.
|
| 210 |
|
|
|a Москва
|c Финансы и статистика
|d 1986
|
| 215 |
|
|
|a 95 с.
|
| 606 |
1 |
|
|a Строительные организации
|x Ревизия и контроль
|2 stltpush
|3 (RuTPU)RU\TPU\subj\57665
|9 75523
|
| 610 |
1 |
|
|a задачи
|
| 610 |
1 |
|
|a денежные средства
|
| 610 |
1 |
|
|a банковские операции
|
| 610 |
1 |
|
|a расчетные операции
|
| 610 |
1 |
|
|a кредитные операции
|
| 610 |
1 |
|
|a трудовые ресурсы
|
| 610 |
1 |
|
|a использование
|
| 610 |
1 |
|
|a основные средства
|
| 610 |
1 |
|
|a строительно-монтажные работы
|
| 610 |
1 |
|
|a себестоимость
|
| 610 |
1 |
|
|a капитальные вложения
|
| 610 |
1 |
|
|a учебные пособия
|
| 675 |
|
|
|a 69:657.6(07)
|v 4
|
| 700 |
|
1 |
|a Губин
|b А. Ф.
|g Анатолий Федорович
|
| 801 |
|
0 |
|a RU
|b RuMRKP
|c 19950704
|g psbo
|
| 801 |
|
1 |
|a RU
|b 63413507
|c 20141209
|
| 801 |
|
2 |
|a RU
|b 63413507
|c 20170410
|g RCR
|
| 942 |
|
|
|c BK
|